[Event "Chigorin Memorial"]
[Site "St Petersburg"]
[Date "2016.10.23"]
[Round "9.91"]
[White "Mamyrbay, Assad"]
[Black "Tsapalin, Sergey"]
[Result "1-0"]
[WhiteElo "2246"]
[BlackElo "2060"]
[PlyCount "95"]
[EventDate "2016.10.15"]
[EventType "swiss"]
[EventRounds "9"]
[EventCountry "RUS"]

1. e4 c5 2. Nf3 Nc6 3. Bb5 e5 4. O-O Bd6 5. c3 Nge7 6. d4 cxd4 7. cxd4 exd4 8.
Nxd4 Be5 9. Nf3 Bc7 10. Nc3 O-O 11. Re1 a6 12. Bf1 d6 13. h3 Ne5 14. Bg5 Nxf3+
15. Qxf3 f6 16. Bc4+ Kh8 17. Be3 Bd7 18. Rad1 Bc6 19. Qe2 Ng6 20. Bb3 Rc8 21.
Be6 Bd7 22. Bd5 Rb8 23. b4 Ne5 24. f4 Ng6 25. Qf2 b5 26. Kh1 Bb6 27. Bb3 Bxe3
28. Qxe3 Qb6 29. Qxb6 Rxb6 30. e5 fxe5 31. fxe5 Bc6 32. Rxd6 Nxe5 33. Nd5 Bxd5
34. Rxb6 Nd3 35. Re2 Bxb3 36. axb3 Nxb4 37. Re4 Nd3 38. Rd4 Nc1 39. b4 Ne2 40.
Rd3 h5 41. g3 h4 42. gxh4 Rf1+ 43. Kg2 Nf4+ 44. Kxf1 Nxd3 45. Rxa6 Nxb4 46. Rb6
Nd5 47. Rxb5 Nf4 48. Rb3 1-0

[Event "Chigorin Memorial"]
[Site "St Petersburg"]
[Date "2016.10.23"]
[Round "9.92"]
[White "Volkov, Roman"]
[Black "Stukalov, Alexander"]
[Result "1/2-1/2"]
[WhiteElo "2067"]
[BlackElo "2243"]
[PlyCount "82"]
[EventDate "2016.10.15"]
[EventType "swiss"]
[EventRounds "9"]
[EventCountry "RUS"]

1. e4 d6 2. d4 Nf6 3. Nc3 Nbd7 4. Nf3 e5 5. Bc4 Be7 6. h3 O-O 7. Be3 c6 8. a4
a6 9. Bb3 b6 10. O-O Bb7 11. d5 cxd5 12. Bxd5 Bxd5 13. exd5 h6 14. Ne2 Ne4 15.
c4 a5 16. Nd2 Nxd2 17. Qxd2 Rc8 18. b3 Bg5 19. Nc3 Nc5 20. Rfb1 f5 21. Bxg5
hxg5 22. Nb5 Qe7 23. Qe2 e4 24. Nd4 Qf6 25. Rd1 Rce8 26. Ra2 f4 27. Qg4 f3 28.
gxf3 exf3 29. Ne6 Nxe6 30. dxe6 Rxe6 31. Rad2 Rfe8 32. Rd3 Re1+ 33. Rxe1 Rxe1+
34. Kh2 Qe5+ 35. Qg3 g4 36. hxg4 Qe4 37. Rxf3 Rb1 38. Qg2 Qe5+ 39. Qg3 Qe4 40.
g5 Qe1 41. Qg2 Qe5+ 1/2-1/2

[Event "Chigorin Memorial"]
[Site "St Petersburg"]
[Date "2016.10.23"]
[Round "9.93"]
[White "Sinitsina, Anastassia"]
[Black "Grinblat, Artemiy"]
[Result "0-1"]
[WhiteElo "2047"]
[BlackElo "2241"]
[PlyCount "134"]
[EventDate "2016.10.15"]
[EventType "swiss"]
[EventRounds "9"]
[EventCountry "RUS"]

1. e4 e6 2. d4 d5 3. Nc3 Nf6 4. Bg5 dxe4 5. Nxe4 Nbd7 6. Nf3 h6 7. Bxf6 Nxf6 8.
Bd3 Nd5 9. Qd2 Be7 10. O-O O-O 11. c3 b6 12. Rad1 Bb7 13. Rfe1 c5 14. dxc5 bxc5
15. Bb1 Qc7 16. c4 Nf6 17. Qe2 Rfd8 18. Nc3 Qf4 19. Ne5 Bd6 20. g3 Qxe5 21.
Qxe5 Bxe5 22. Rxd8+ Rxd8 23. Rxe5 Nd7 24. Re1 Kf8 25. b3 Ke7 26. f4 Nf6 27. Rd1
Rxd1+ 28. Nxd1 e5 29. fxe5 Ng4 30. Nc3 Nxe5 31. Be4 Bxe4 32. Nxe4 Nd3 33. Kf1
f5 34. Nc3 Ke6 35. Ke2 Ne5 36. Nb5 Nc6 37. Ke3 Ke5 38. Nc3 g5 39. Na4 Kd6 40.
Nb2 a5 41. Nd3 Nb4 42. Nc1 Ke5 43. a3 Nc2+ 44. Kd3 Nd4 45. Kc3 Ke4 46. b4 axb4+
47. axb4 cxb4+ 48. Kxb4 f4 49. gxf4 gxf4 50. Kc3 f3 51. Nd3 Ke3 52. c5 Nc6 53.
Kc4 h5 54. Kc3 h4 55. Kc4 h3 56. Nb2 f2 57. Nd1+ Kf3 58. Nxf2 Kxf2 59. Kd5 Na5
60. Ke4 Kg2 61. Ke3 Kxh2 62. Kf2 Nc6 63. Kf1 Ne5 64. Kf2 Nd3+ 65. Kf1 Nxc5 66.
Kf2 Ne4+ 67. Kf1 Kg3 0-1

[Event "Chigorin Memorial"]
[Site "St Petersburg"]
[Date "2016.10.23"]
[Round "9.94"]
[White "Siagodnik, Anton"]
[Black "Altshul, Raffael"]
[Result "1-0"]
[WhiteElo "2235"]
[BlackElo "2044"]
[PlyCount "43"]
[EventDate "2016.10.15"]
[EventType "swiss"]
[EventRounds "9"]
[EventCountry "RUS"]

1. d4 Nf6 2. Nf3 e6 3. g3 c5 4. Bg2 Nc6 5. O-O Be7 6. c4 cxd4 7. Nxd4 O-O 8.
Nc3 a6 9. b3 Qc7 10. Bb2 d6 11. Rc1 Nxd4 12. Qxd4 Bd7 13. Rfd1 Rad8 14. h3 Qa5
15. Bxb7 d5 16. cxd5 Bc5 17. Qf4 e5 18. Qxe5 Bxf2+ 19. Kxf2 Qb6+ 20. Kg2 Qxb7
21. Ne4 Ne8 22. Ba3 1-0

[Event "Chigorin Memorial"]
[Site "St Petersburg"]
[Date "2016.10.23"]
[Round "9.95"]
[White "Markovic, Vojislav"]
[Black "Kuznetsov, Roman"]
[Result "1/2-1/2"]
[WhiteElo "2233"]
[BlackElo "1990"]
[PlyCount "111"]
[EventDate "2016.10.15"]
[EventType "swiss"]
[EventRounds "9"]
[EventCountry "RUS"]

1. e4 e6 2. Qe2 c5 3. Nf3 Nc6 4. c3 Nge7 5. d4 cxd4 6. cxd4 d5 7. Nc3 h6 8. Bd2
g5 9. h3 Bg7 10. e5 a6 11. g4 Bd7 12. Qd1 b5 13. b3 Rc8 14. Rc1 Qb6 15. Be3 f5
16. Ne2 O-O 17. Bg2 Qa5+ 18. Bd2 b4 19. a4 Qb6 20. O-O Na5 21. Rxc8 Rxc8 22.
Qb1 Be8 23. Rc1 Rxc1+ 24. Nxc1 fxg4 25. hxg4 Bg6 26. Qb2 Nac6 27. Be3 Qc7 28.
Bf1 a5 29. Nd3 Nd8 30. Nc5 Nec6 31. Qc1 Qf7 32. Be2 Bf8 33. Ne1 h5 34. gxh5
Bxh5 35. Bd3 Be7 36. Qc2 Kg7 37. Na6 Bg4 38. Bb5 Bf5 39. Qe2 g4 40. Ng2 Qh5 41.
Nf4 Qh4 42. Bd3 Bg5 43. Bxf5 exf5 44. Ng2 Qh6 45. Qd2 Ne6 46. Nc7 Nexd4 47. Ne1
Bxe3 48. fxe3 g3 49. Nxd5 Nxe5 50. Qg2 Qh2+ 51. Qxh2 gxh2+ 52. Kxh2 Nxb3 53.
Kg3 Nc4 54. Nd3 Nbd2 55. N3xb4 axb4 56. Nxb4 1/2-1/2

[Event "Chigorin Memorial"]
[Site "St Petersburg"]
[Date "2016.10.23"]
[Round "9.96"]
[White "Artamonov, Valery"]
[Black "Kolesnikova, Kristina"]
[Result "1-0"]
[WhiteElo "2223"]
[BlackElo "2012"]
[PlyCount "63"]
[EventDate "2016.10.15"]
[EventType "swiss"]
[EventRounds "9"]
[EventCountry "RUS"]

1. c4 Nf6 2. Nc3 e6 3. e4 c5 4. e5 Ng8 5. Nf3 Nc6 6. d4 cxd4 7. Nxd4 Nxd4 8.
Qxd4 Ne7 9. Bf4 Nf5 10. Qd3 a6 11. g4 Nh4 12. O-O-O Be7 13. Kb1 b5 14. Be2 Bb7
15. Rhg1 bxc4 16. Qxc4 Bc6 17. Rg3 Ng6 18. Bc1 Bh4 19. f4 Bxg3 20. hxg3 Qb6 21.
Ne4 O-O 22. Nd6 a5 23. Qc3 Qb4 24. Qe3 f6 25. Bd2 Qa4 26. Rc1 Bd5 27. b3 Rfb8
28. Kb2 Ne7 29. Rc5 Nc6 30. Bc4 Rb4 31. Bxb4 Qxb4 32. Rb5 1-0

[Event "Chigorin Memorial"]
[Site "St Petersburg"]
[Date "2016.10.23"]
[Round "9.97"]
[White "Petrochenko, Maria"]
[Black "Orlov, Konstantin"]
[Result "1-0"]
[WhiteElo "2037"]
[BlackElo "2222"]
[PlyCount "113"]
[EventDate "2016.10.15"]
[EventType "swiss"]
[EventRounds "9"]
[EventCountry "RUS"]

1. b4 d5 2. Bb2 Nf6 3. e3 e6 4. b5 Bd6 5. Nf3 O-O 6. Be2 c5 7. c4 Nbd7 8. O-O
Qc7 9. d3 b6 10. Nbd2 Bb7 11. h3 Rfe8 12. a4 a5 13. Rc1 Rad8 14. Qc2 e5 15.
cxd5 Nxd5 16. Nc4 Nb4 17. Qb3 Nf6 18. Rfd1 Nfd5 19. Bf1 Rc8 20. Nxd6 Qxd6 21.
d4 cxd4 22. exd4 e4 23. Ne5 f6 24. Nc4 Qe6 25. Ne3 Kh8 26. Bc4 f5 27. Ba3 f4
28. Ng4 f3 29. Bxb4 axb4 30. Ne3 Rcd8 31. Nxd5 Bxd5 32. Bxd5 Rxd5 33. Rc6 Qf5
34. Rxb6 Qg5 35. g3 e3 36. Qd3 e2 37. Re1 Qh5 38. Rc6 Red8 39. Kh2 h6 40. Rc4
b3 41. b6 R5d7 42. Rb4 Qa5 43. Qxb3 Rb7 44. Rb1 Rf8 45. Qe3 Rff7 46. Qe8+ Kh7
47. Qe5 Qa6 48. Qb5 Qa8 49. a5 Rf6 50. d5 Qd8 51. R4b3 Qd6 52. Qd3+ g6 53. Qc3
Qxd5 54. Qxf6 Qxb3 55. Rxb3 e1=Q 56. Qxf3 Re7 57. b7 1-0

[Event "Chigorin Memorial"]
[Site "St Petersburg"]
[Date "2016.10.23"]
[Round "9.98"]
[White "Korobitsyn, Daniil"]
[Black "Nebolsina, Vera"]
[Result "1-0"]
[WhiteElo "2028"]
[BlackElo "2219"]
[PlyCount "41"]
[EventDate "2016.10.15"]
[EventType "swiss"]
[EventRounds "9"]
[EventCountry "RUS"]

1. e4 g6 2. d4 Bg7 3. Nc3 d6 4. Be3 a6 5. f4 b5 6. Nf3 Nd7 7. e5 Nh6 8. Bd3 Bb7
9. Be4 Bxe4 10. Nxe4 c5 11. dxc5 dxe5 12. c6 Nb8 13. Qxd8+ Kxd8 14. Bb6+ Ke8
15. c7 Nd7 16. Ba5 Nf5 17. O-O-O Nd4 18. Nxd4 exd4 19. Rhe1 Kf8 20. c3 h6 21.
cxd4 1-0

[Event "Chigorin Memorial"]
[Site "St Petersburg"]
[Date "2016.10.23"]
[Round "9.99"]
[White "Obgolts, Erik"]
[Black "Tsaruk, Maksim"]
[Result "1/2-1/2"]
[WhiteElo "2217"]
[BlackElo "2003"]
[PlyCount "102"]
[EventDate "2016.10.15"]
[EventType "swiss"]
[EventRounds "9"]
[EventCountry "RUS"]

1. Nf3 Nf6 2. g3 b6 3. Bg2 Bb7 4. O-O e6 5. c4 Be7 6. b3 O-O 7. Bb2 d5 8. d3 c5
9. Ne5 Nfd7 10. Nxd7 Qxd7 11. cxd5 exd5 12. d4 Bf6 13. Qd2 Na6 14. dxc5 Bxb2
15. Qxb2 bxc5 16. Nd2 Rfe8 17. e3 Rad8 18. a3 d4 19. Bxb7 Qxb7 20. exd4 cxd4
21. Rfe1 Rxe1+ 22. Rxe1 h5 23. Qc2 Qd5 24. b4 d3 25. Qc3 h4 26. Re5 Qd6 27. Re4
hxg3 28. hxg3 Nc7 29. Qc5 Qxc5 30. bxc5 Rd5 31. Rc4 Kf8 32. f4 Ke7 33. Kf2 Ne6
34. c6 Kd8 35. Ke3 Kc7 36. Nb3 Rb5 37. Rc3 Rb6 38. Kxd3 Rxc6 39. Rxc6+ Kxc6 40.
Kc4 g5 41. fxg5 Nxg5 42. Nd4+ Kb6 43. Kd5 a6 44. g4 Ka5 45. Ke5 Nh7 46. Nc6+
Ka4 47. Nd8 f6+ 48. Kf5 Kxa3 49. Nb7 Kb4 50. Kg6 Ng5 51. Kxf6 Nh3 1/2-1/2

[Event "Chigorin Memorial"]
[Site "St Petersburg"]
[Date "2016.10.23"]
[Round "9.100"]
[White "Petrov, Dmitri"]
[Black "Lingur, Zalina"]
[Result "0-1"]
[WhiteElo "2200"]
[BlackElo "1986"]
[PlyCount "86"]
[EventDate "2016.10.15"]
[EventType "swiss"]
[EventRounds "9"]
[EventCountry "RUS"]

1. e4 c5 2. Nf3 d6 3. Bb5+ Nd7 4. c4 e5 5. O-O g6 6. d3 Bg7 7. Bg5 f6 8. Be3
Ne7 9. Nc3 O-O 10. a3 a6 11. Ba4 Nc6 12. b4 Nd4 13. Nd5 f5 14. Bxd7 Bxd7 15.
bxc5 dxc5 16. Nxd4 exd4 17. Bf4 fxe4 18. dxe4 Bc6 19. Qg4 Bxd5 20. cxd5 c4 21.
Rab1 b5 22. a4 Qe8 23. Bd6 Rf7 24. Rfe1 d3 25. Qg3 d2 26. Re2 c3 27. Qd3 Rc8
28. Qc2 Bd4 29. axb5 axb5 30. Rf1 b4 31. Qd3 Bc5 32. Bxc5 Rxc5 33. d6 b3 34. e5
Qe6 35. f4 c2 36. Qxd2 b2 37. Ree1 c1=Q 38. Rxc1 bxc1=Q 39. Rxc1 Rxc1+ 40. Qxc1
Kg7 41. Qe3 Rb7 42. h3 Qd5 43. Qc3 Qb3 0-1

[Event "Chigorin Memorial"]
[Site "St Petersburg"]
[Date "2016.10.23"]
[Round "9.101"]
[White "Yeritsyan, Hayk"]
[Black "Mirzaeva, Gulnara"]
[Result "1-0"]
[WhiteElo "2191"]
[BlackElo "1919"]
[PlyCount "47"]
[EventDate "2016.10.15"]
[EventType "swiss"]
[EventRounds "9"]
[EventCountry "RUS"]

1. Nf3 d5 2. g3 Nf6 3. Bg2 Bf5 4. O-O e6 5. c4 c6 6. cxd5 exd5 7. d3 h6 8. Qa4
Be7 9. Nc3 O-O 10. e4 b5 11. Qc2 dxe4 12. dxe4 Bh7 13. a3 a6 14. Rd1 Qb6 15.
Qe2 Re8 16. e5 Bc5 17. b4 Ng4 18. bxc5 Qxc5 19. Bb2 Bg6 20. Rac1 Nxe5 21. Nxe5
Qxe5 22. Ne4 Qe7 23. Re1 Nd7 24. Nf6+ 1-0

[Event "Chigorin Memorial"]
[Site "St Petersburg"]
[Date "2016.10.23"]
[Round "9.102"]
[White "Scott, Gordon W"]
[Black "Bondarenko, Dmitry"]
[Result "1-0"]
[WhiteElo "2168"]
[BlackElo "1918"]
[PlyCount "87"]
[EventDate "2016.10.15"]
[EventType "swiss"]
[EventRounds "9"]
[EventCountry "RUS"]

1. d4 d5 2. c4 dxc4 3. Nf3 Nf6 4. Qa4+ c6 5. Qxc4 e6 6. g3 Be7 7. Bg2 O-O 8.
O-O Nbd7 9. Nc3 Re8 10. Rd1 Bf8 11. e4 Qe7 12. Bf4 Qb4 13. Qe2 a6 14. Qc2 b5
15. a3 Qa5 16. e5 Nd5 17. Nxd5 cxd5 18. Bf1 Bb7 19. Ng5 g6 20. Bd3 Rac8 21. Qe2
Qb6 22. h4 Bg7 23. h5 Nf8 24. hxg6 hxg6 25. Kg2 Rc7 26. Be3 Bxe5 27. Qg4 Bg7
28. Rh1 e5 29. Rh4 Bc8 30. Qd1 e4 31. Bc2 f6 32. Nh3 g5 33. Nxg5 fxg5 34. Bxg5
Qxd4 35. Qe2 Qxb2 36. Rc1 Ne6 37. Qh5 Rf7 38. Bh6 Qf6 39. Be3 d4 40. Bf4 Nxf4+
41. Rxf4 Qe6 42. Bxe4 Rxf4 43. Bd5 Bb7 44. Qxe8+ 1-0

[Event "Chigorin Memorial"]
[Site "St Petersburg"]
[Date "2016.10.23"]
[Round "9.103"]
[White "Shurunov, Andrei"]
[Black "Matchenya, Ivan"]
[Result "1-0"]
[WhiteElo "2158"]
[BlackElo "1812"]
[PlyCount "97"]
[EventDate "2016.10.15"]
[EventType "swiss"]
[EventRounds "9"]
[EventCountry "RUS"]

1. d4 Nc6 2. e4 d5 3. e5 Bf5 4. c3 f6 5. exf6 gxf6 6. Qb3 Rb8 7. Ne2 Nh6 8. Nf4
e6 9. Be2 Nf7 10. O-O Bd6 11. Be3 O-O 12. Nd2 Bxf4 13. Bxf4 e5 14. Be3 Kh8 15.
Rfe1 Rg8 16. Nf1 Be6 17. Ng3 Qd6 18. Nh5 Bh3 19. Bf1 Rg6 20. Ng3 Be6 21. Qc2
Rbg8 22. f3 Ng5 23. Kh1 Rh6 24. dxe5 fxe5 25. Qd2 Qd8 26. f4 Rxh2+ 27. Kxh2
Nf3+ 28. gxf3 Qh4+ 29. Kg1 Qxg3+ 30. Bg2 Bh3 31. Re2 Qxf3 32. Rf1 Qe4 33. Bc5
Qc4 34. Ba3 d4 35. b3 Qa6 36. Bb2 d3 37. Ref2 Ne7 38. c4 Rg6 39. Bxe5+ Kg8 40.
Qxd3 Qe6 41. f5 Bxf5 42. Qd8+ Kf7 43. Qxc7 Kg8 44. Qd8+ Kf7 45. Qh8 Rg4 46.
Qxh7+ Ke8 47. Rxf5 Nxf5 48. Qxf5 Qb6+ 49. Qf2 1-0

[Event "Chigorin Memorial"]
[Site "St Petersburg"]
[Date "2016.10.23"]
[Round "9.104"]
[White "Hong, Xing"]
[Black "Fomin, Andrey"]
[Result "0-1"]
[WhiteElo "2013"]
[BlackElo "2150"]
[PlyCount "58"]
[EventDate "2016.10.15"]
[EventType "swiss"]
[EventRounds "9"]
[EventCountry "RUS"]

1. e4 e6 2. d4 d5 3. exd5 exd5 4. Nf3 Bg4 5. c4 Nc6 6. cxd5 Qxd5 7. Nc3 Bb4 8.
Be2 Bxf3 9. Bxf3 Qc4 10. Bxc6+ bxc6 11. Qe2+ Qxe2+ 12. Kxe2 O-O-O 13. Be3 Ne7
14. g4 Nd5 15. Nxd5 cxd5 16. Rac1 Rhe8 17. Kd3 Bd6 18. h3 Re6 19. Rc2 Rde8 20.
Rhc1 Re4 21. b4 h5 22. gxh5 Rh4 23. Rg1 Rxh3 24. Rxg7 f5 25. h6 f4 26. h7 fxe3
27. fxe3 Rexe3+ 28. Kd2 Bxb4+ 29. Kc1 Re1+ 0-1

[Event "Chigorin Memorial"]
[Site "St Petersburg"]
[Date "2016.10.23"]
[Round "9.106"]
[White "Urazayev, Arystanbek"]
[Black "Shmoilov, Dmitry"]
[Result "1-0"]
[WhiteElo "2377"]
[BlackElo "1916"]
[PlyCount "57"]
[EventDate "2016.10.15"]
[EventType "swiss"]
[EventRounds "9"]
[EventCountry "RUS"]

1. b3 a5 2. Bb2 a4 3. e4 axb3 4. axb3 Rxa1 5. Bxa1 c5 6. Nf3 Nc6 7. Bc4 e6 8.
O-O d6 9. d4 cxd4 10. Nxd4 Bd7 11. Nb5 Ne5 12. Nxd6+ Bxd6 13. Qxd6 Nxc4 14.
bxc4 f6 15. Rd1 Ne7 16. Na3 Nc8 17. Qb8 Qb6 18. Qg3 g6 19. Bxf6 Rf8 20. e5 Rf7
21. Nb5 Bxb5 22. cxb5 Rd7 23. Rxd7 Kxd7 24. Qd3+ Ke8 25. h3 Qc7 26. h4 Ne7 27.
Qa3 Nf5 28. Qa8+ Kf7 29. Qh8 1-0

[Event "Chigorin Memorial"]
[Site "St Petersburg"]
[Date "2016.10.23"]
[Round "9.107"]
[White "Minbayev, Bolatbek"]
[Black "Zarubitski, Viachaslau"]
[Result "0-1"]
[WhiteElo "2034"]
[BlackElo "2340"]
[PlyCount "70"]
[EventDate "2016.10.15"]
[EventType "swiss"]
[EventRounds "9"]
[EventCountry "RUS"]

1. e4 c5 2. Nf3 Nc6 3. Bb5 g6 4. O-O Bg7 5. Bxc6 dxc6 6. h3 Nf6 7. Re1 O-O 8.
d3 Ne8 9. e5 Nc7 10. Be3 b6 11. Nc3 Nd5 12. Bg5 Nxc3 13. bxc3 h6 14. Be3 c4 15.
d4 Qd5 16. Nd2 Qa5 17. Ne4 Bf5 18. Ng3 Be6 19. Qd2 Kh7 20. h4 Rad8 21. Rad1 c5
22. Ne4 Bd5 23. Bf4 Bxe4 24. Rxe4 Rd5 25. h5 g5 26. Bxg5 hxg5 27. Qxg5 Bh6 28.
Qxe7 Qxc3 29. Qf6 Qxc2 30. Rde1 Rxd4 31. Qf5+ Kh8 32. f4 Rxe4 33. Rxe4 Rg8 34.
Qf6+ Rg7 35. Qxh6+ Kg8 0-1

[Event "Chigorin Memorial"]
[Site "St Petersburg"]
[Date "2016.10.23"]
[Round "9.108"]
[White "Kononenko, Dmitry"]
[Black "Pryalukhin, Danila"]
[Result "1-0"]
[WhiteElo "2315"]
[BlackElo "2019"]
[PlyCount "77"]
[EventDate "2016.10.15"]
[EventType "swiss"]
[EventRounds "9"]
[EventCountry "RUS"]

1. Nf3 c5 2. c4 Nf6 3. Nc3 d5 4. cxd5 Nxd5 5. d4 Nxc3 6. bxc3 g6 7. e4 Bg7 8.
Rb1 O-O 9. Be2 Nc6 10. d5 Ne5 11. Nxe5 Bxe5 12. Qd2 Bg7 13. O-O a6 14. c4 Bd4
15. Bb2 e5 16. Bxd4 exd4 17. e5 Rb8 18. Rb3 Re8 19. f4 b5 20. Bd3 Bd7 21. d6
Qc8 22. Qc2 Bf5 23. Bxf5 Qxf5 24. Qxf5 gxf5 25. Rfb1 f6 26. cxb5 c4 27. Rb4
axb5 28. d7 Red8 29. e6 Kf8 30. Rxb5 Rxb5 31. Rxb5 Ke7 32. Rb6 c3 33. Rc6 c2
34. Kf1 d3 35. Ke1 Rb8 36. Rc8 Kxe6 37. Kd2 Rb1 38. d8=Q Rd1+ 39. Ke3 1-0

[Event "Chigorin Memorial"]
[Site "St Petersburg"]
[Date "2016.10.23"]
[Round "9.109"]
[White "Bykov, Egor"]
[Black "Sheynin, Izrail"]
[Result "1-0"]
[WhiteElo "2292"]
[BlackElo "1982"]
[PlyCount "83"]
[EventDate "2016.10.15"]
[EventType "swiss"]
[EventRounds "9"]
[EventCountry "RUS"]

1. d4 Nf6 2. Nf3 c5 3. d5 e6 4. Nc3 d6 5. e4 exd5 6. Nxd5 Nxd5 7. Qxd5 Be7 8.
Bc4 O-O 9. O-O Nd7 10. Qd3 Nb6 11. Bb3 Bg4 12. Nd2 Rc8 13. a4 Kh8 14. a5 Nd7
15. Bd5 Qc7 16. Qb3 b6 17. Bxf7 Be2 18. Re1 c4 19. axb6 axb6 20. Qg3 Rxf7 21.
Rxe2 Rcf8 22. Nb1 Qd8 23. Be3 Nf6 24. Nc3 b5 25. f3 b4 26. Nd5 Nxd5 27. exd5
Bf6 28. Qg4 Bxb2 29. Ra2 Qf6 30. Qxc4 Re7 31. Bf2 Rxe2 32. Qxe2 Be5 33. Qe4 Qh6
34. g3 Qh5 35. Kg2 h6 36. Ra6 Qf7 37. Rb6 Re8 38. Qd3 Rc8 39. Rxb4 Qc7 40. c4
Qa5 41. Qb3 Qa6 42. Qa4 1-0

[Event "Chigorin Memorial"]
[Site "St Petersburg"]
[Date "2016.10.23"]
[Round "9.110"]
[White "Khalafova, Narmin"]
[Black "Aseeva, Anastasia"]
[Result "1-0"]
[WhiteElo "2256"]
[BlackElo "1969"]
[PlyCount "109"]
[EventDate "2016.10.15"]
[EventType "swiss"]
[EventRounds "9"]
[EventCountry "RUS"]

1. e4 c5 2. Nf3 d6 3. c3 Nc6 4. d4 cxd4 5. cxd4 g6 6. Nc3 Bg7 7. Bc4 e6 8. O-O
Nge7 9. d5 exd5 10. Nxd5 Nxd5 11. exd5 Ne5 12. Nxe5 Bxe5 13. f4 Bf6 14. Qe2+
Kf8 15. Be3 Kg7 16. Qf2 b6 17. Rac1 Bf5 18. Ba6 Re8 19. Rc6 Kg8 20. b3 h5 21.
Rfc1 Be4 22. Qd2 Qe7 23. Rc7 Qf8 24. R1c6 Re7 25. Rc8 Rxc8 26. Rxc8 Re8 27. Rc7
Re7 28. Rc6 Re8 29. Bf2 Qe7 30. a4 Qd7 31. h3 Qf5 32. Bc4 Rd8 33. b4 Rc8 34. b5
Rd8 35. a5 bxa5 36. Bxa7 Rd7 37. b6 a4 38. Rc7 Bd8 39. Rxd7 Qxd7 40. Qb4 Qb7
41. Qxd6 Be7 42. Qc7 Qxc7 43. bxc7 Bf5 44. Bd4 a3 45. Kf1 Kf8 46. Ba6 Bd6 47.
c8=Q+ Bxc8 48. Bxc8 Ke8 49. f5 g5 50. Ba6 g4 51. hxg4 hxg4 52. Bc4 Kd7 53. Ke2
Bb4 54. Ke3 Bd6 55. Ke4 1-0

[Event "Chigorin Memorial"]
[Site "St Petersburg"]
[Date "2016.10.23"]
[Round "9.112"]
[White "Sergeeva, Natalia"]
[Black "Semenenko, Sergey"]
[Result "1/2-1/2"]
[WhiteElo "2013"]
[BlackElo "2184"]
[PlyCount "110"]
[EventDate "2016.10.15"]
[EventType "swiss"]
[EventRounds "9"]
[EventCountry "RUS"]

1. e4 c5 2. Nf3 d6 3. d4 cxd4 4. Nxd4 Nf6 5. Nc3 a6 6. Bg5 e6 7. f4 Qb6 8. a3
Nc6 9. Nb3 Qe3+ 10. Qe2 Qxe2+ 11. Bxe2 Be7 12. O-O-O Bd7 13. Bf3 O-O-O 14. Rhe1
Kc7 15. Bh4 Bc8 16. Bf2 Nd7 17. Re3 b5 18. g4 g5 19. f5 Nb6 20. Be2 Bf6 21.
Bxb5 Bxc3 22. Bxc6 Bxb2+ 23. Kxb2 Nc4+ 24. Kc3 Nxe3 25. Bxe3 Kxc6 26. Bxg5 Rde8
27. Na5+ Kc7 28. Nc4 exf5 29. Nxd6 Rd8 30. Bf4 Kc6 31. Rd4 Rhf8 32. Rc4+ Kd7
33. gxf5 f6 34. Rc5 Ke7 35. Nc4 Rg8 36. Nb6 Bd7 37. h4 Rg4 38. e5 Bxf5 39.
exf6+ Kxf6 40. Bg5+ Rxg5 41. Rc6+ Ke5 42. hxg5 Kf4 43. Nc4 Rc8 44. Rxa6 Kxg5
45. Ra5 Kf4 46. Ra4 h5 47. Kd2 Rd8+ 48. Ke2 Bxc2 49. Rb4 Bd3+ 50. Kf2 Be4 51.
Rb6 Rd4 52. Nd6 Rd2+ 53. Ke1 Rd4 54. Nxe4 Rxe4+ 55. Kf2 h4 1/2-1/2

[Event "Chigorin Memorial"]
[Site "St Petersburg"]
[Date "2016.10.23"]
[Round "9.113"]
[White "Schetchikov, Vladimir"]
[Black "Privalov, Igor"]
[Result "1/2-1/2"]
[WhiteElo "1967"]
[BlackElo "2163"]
[PlyCount "85"]
[EventDate "2016.10.15"]
[EventType "swiss"]
[EventRounds "9"]
[EventCountry "RUS"]

1. e4 c5 2. c4 Nc6 3. Nc3 g6 4. g3 Bg7 5. Bg2 e6 6. Nge2 Nge7 7. O-O O-O 8. d3
d6 9. a3 Rb8 10. Rb1 Nd4 11. Nxd4 cxd4 12. Ne2 b5 13. cxb5 Rxb5 14. a4 Rb8 15.
b4 Bd7 16. Bd2 a6 17. Qb3 Nc6 18. Qa3 Qb6 19. Rb2 Ne5 20. h3 f5 21. exf5 Rxf5
22. Nf4 g5 23. Nh5 Bc6 24. Nxg7 Kxg7 25. Be4 Rf3 26. Qa2 Re8 27. Bxg5 Qb7 28.
Re2 Rxd3 29. Bxc6 Qxc6 30. Rxe5 dxe5 31. Qe2 e4 32. b5 axb5 33. axb5 Qd5 34.
Qh5 Kf8 35. Ra1 Ra8 36. Rxa8+ Qxa8 37. Qxh7 Qa1+ 38. Kg2 Rf3 39. Qxe4 Rf7 40.
Qxe6 Qa8+ 41. Kg1 Qa1+ 42. Kg2 Qa8+ 43. Kg1 1/2-1/2

[Event "Chigorin Memorial"]
[Site "St Petersburg"]
[Date "2016.10.23"]
[Round "9.114"]
[White "Yakimenko, Viktoria"]
[Black "Nazarova, Anastasia"]
[Result "1/2-1/2"]
[WhiteElo "2160"]
[BlackElo "1963"]
[PlyCount "109"]
[EventDate "2016.10.15"]
[EventType "swiss"]
[EventRounds "9"]
[EventCountry "RUS"]

1. e4 c5 2. Nf3 Nc6 3. d4 cxd4 4. Nxd4 g6 5. c4 Nf6 6. Nc3 d6 7. Nc2 Bg7 8. Be2
O-O 9. O-O Be6 10. Be3 Rc8 11. f3 Nd7 12. Qd2 Na5 13. b3 a6 14. Nd4 Nc6 15. Kh1
Nxd4 16. Bxd4 Bxd4 17. Qxd4 Qa5 18. f4 Nf6 19. Bf3 Rfd8 20. Rfe1 b5 21. Nd5
Bxd5 22. cxd5 Rc2 23. Red1 Rdc8 24. e5 Ne8 25. Bg4 R8c7 26. f5 dxe5 27. Qxe5
Qb4 28. h3 Qd6 29. Qe1 Qf6 30. fxg6 hxg6 31. Bf3 Nd6 32. Be4 R2c3 33. Bd3 R7c5
34. Bb1 Qg5 35. b4 Rc7 36. Bd3 Qf4 37. a3 Qg5 38. Qf1 Qg3 39. a4 Qh4 40. axb5
axb5 41. Qe2 Qg3 42. Ra8+ Kg7 43. Ra6 f6 44. Rc6 R3xc6 45. dxc6 Qf4 46. Qc2 Qg5
47. Rc1 Nf7 48. Qb2 Qd5 49. Qe2 Rxc6 50. Rxc6 Qxc6 51. Qxe7 Qc1+ 52. Kh2 Qf4+
53. Kh1 Qc1+ 54. Kh2 Qf4+ 55. Kh1 1/2-1/2

[Event "Chigorin Memorial"]
[Site "St Petersburg"]
[Date "2016.10.23"]
[Round "9.116"]
[White "Zaykov, Sergey"]
[Black "Dushin, Nikolay"]
[Result "1-0"]
[WhiteElo "2131"]
[BlackElo "1948"]
[PlyCount "85"]
[EventDate "2016.10.15"]
[EventType "swiss"]
[EventRounds "9"]
[EventCountry "RUS"]

1. Nf3 d5 2. g3 g6 3. Bg2 Bg7 4. d3 Nc6 5. O-O e5 6. Nbd2 Nge7 7. e4 d4 8. a4
h5 9. Nc4 f6 10. c3 g5 11. Qb3 h4 12. cxd4 Nxd4 13. Nxd4 Qxd4 14. Be3 Qd7 15.
a5 a6 16. Na3 Nc6 17. Nc2 Bf8 18. f4 hxg3 19. hxg3 gxf4 20. gxf4 Qg7 21. f5 Rg8
22. Rf2 Bd6 23. Kf1 Rh8 24. Bf3 Qg3 25. Ke2 Bd7 26. Rg2 Rh2 27. Rag1 O-O-O 28.
Rxh2 Qxh2+ 29. Rg2 Qh7 30. Qc3 Rh8 31. Qe1 Be8 32. Qg1 Bf8 33. Bd2 Kb8 34. Bc3
Bf7 35. Ne3 Bc5 36. Rg7 Bxe3 37. Rxh7 Rxh7 38. Kxe3 b5 39. axb6 cxb6 40. d4 b5
41. d5 Ne7 42. Kd2 Nc8 43. Ba5 1-0

[Event "Chigorin Memorial"]
[Site "St Petersburg"]
[Date "2016.10.23"]
[Round "9.117"]
[White "Lepaev, Andrey"]
[Black "Korchagina, Viktoria"]
[Result "1-0"]
[WhiteElo "1935"]
[BlackElo "2126"]
[PlyCount "45"]
[EventDate "2016.10.15"]
[EventType "swiss"]
[EventRounds "9"]
[EventCountry "RUS"]

1. d4 Nf6 2. c4 g6 3. Nf3 Bg7 4. g3 O-O 5. Bg2 d6 6. O-O Nbd7 7. Nc3 a6 8. e4
e5 9. Qc2 exd4 10. Nxd4 Nb6 11. b3 Re8 12. Bb2 Bd7 13. Rac1 Qc8 14. Nd5 Nbxd5
15. cxd5 Bh3 16. Nf5 Bxg2 17. Nxg7 Qh3 18. f3 Bxf1 19. Bxf6 Rec8 20. Rxf1 c6
21. Qd2 cxd5 22. Nf5 Rc5 23. Qf4 1-0